Life and debt / (Record no. 3228)

MARC details
000 -LEADER
fixed length control field 00332cgm a2200121 4500
001 - CONTROL NUMBER
control field 3958
005 - DATE AND TIME OF LATEST TRANSACTION
control field 20181127172300.0
010 ## - LIBRARY OF CONGRESS CONTROL NUMBER
LC control number 00567163
245 00 - TITLE STATEMENT
Title Life and debt /
Statement of responsibility, etc. director, Stephanie Black.
260 ## - PUBLICATION, DISTRIBUTION, ETC.
Place of publication, distribution, etc. 2001.
300 ## - PHYSICAL DESCRIPTION
Extent 1 videodisc (80 min.) :
Other physical details sd., col. ;
Dimensions 4 3/4 in.
651 ## - SUBJECT ADDED ENTRY--GEOGRAPHIC NAME
Geographic name Jamaica --Economic conditions.
Form subdivision
General subdivision
Chronological subdivision
Geographic subdivision
Source of heading or term
Holdings
Withdrawn status Lost status Damaged status Not for loan Collection code Home library Current library Shelving location Serial Enumeration / chronology Total Checkouts Total Renewals Full call number Barcode Date last seen Date last checked out Price effective from Koha item type
        Desk RTC Library RTC Library Desk 4 5 DVD LIF DESK 30006486 04/12/2020 30/11/2020 27/11/2018 Desk (DVD/CD)
Royal Thimphu College || All Right Reserved